Quizzes
Events
Quiz Creation
Community
Videos
Private Events
Remove Ads
Sign In
Join for FREE
Feedback
Dark Mode
Quiz Categories
Sports
Geography
Music
Movies
Television
Just For Fun
Miscellaneous
History
Literature
Language
Science
Gaming
Entertainment
Religion
Holiday
For Kids
Quiz Lab
Recent
Popular Today
Quiz Kudos Today
Editor Picks
Curator Picks
Quizzes by...
Day
Popularity
Type
Ratings
Length
Year
Community
Subscriptions
Recent Discussions
Orange Saloon
Badges
Playlists
Quests
Create
Leaderboards
Showdown
Live 5
Trivia Bingo
Activity
Puzzle Library
Sporcle Events
Private Events
Virtual Trivia
Globe League
Become a Host
Pub Owners
SporcleCon
Opinionation
Our Games
Videos
Blog
Mobile Apps
Partnerships
Remove Ads and Go Orange
Feedback
Science
Computer
Plants
Astronomy
Chemistry
Elements
Math
Animal
Physics
Anatomy
Biology
Geology
General Science
Science
Computer
Plants
Astronomy
Chemistry
Elements
Math
Animal
Physics
Anatomy
Biology
Geology
General Science
Random Quiz
Search Sporcle
×
Quiz Lab
Quiz Lab
Science
Plants
Type in answers that appear in a list
Type in answers that appear in a list
Classic
Best Score? Go Orange.
Indigenous Woody Canopy Plants: Eastern U.S. Stats
Can you name the Indigenous Woody Canopy Plants: Eastern U.S.?
By
herbaria51
20m
77 Questions
20 Plays
20 Plays
20 Plays
Comments
Comments
Give Quiz Kudos
Give Quiz Kudos
-
- Ratings
hide this ad
Replay
Link that replays current quiz
Next Quiz
Link to next quiz in quiz playlist
You Got
0%
They Got
Avg Score
54%
Avg Friend Score
Upgrade to see
Score Distribution
Jump to the score distribution portion of the page
Score
0/77
Timer
20:00
0
Plays Today
Common Names
Scientific Names
% Correct
Red Maple
Acer rubrum
85%
Sugar Maple
Acer saccharum
75%
White Oak
Quercus alba
75%
Water Oak
Quercus nigra
75%
Silver Maple
Acer saccharinum
70%
Sweet Birch
Betula lenta
70%
River Birch
Betula nigra
70%
Red Oak
Quercus rubra
70%
Sycamore Maple
Acer pseudoplatanus
65%
Paperbark Birch
Betula papyrifera
65%
Northern Catalpa
Catalpa speciosa
65%
Empress-
Tree
Paulownia tomentosa
65%
Common Persimmon
Diospyros virginiana
65%
Scarlet Oak
Quercus coccinea
65%
Burr Oak
Quercus macrocarpa
65%
Pin Oak
Quercus palustris
65%
Live Oak
Quercus virginiana
65%
Black Walnut
Juglans nigra
65%
Tuliptree
Liriodendron tulipifera
65%
Southern Magnolia
Magnolia grandiflora
65%
Quaking Aspen
Populus tremuloides
65%
Red Elm
Ulmus rubra
65%
Eastern Arborvitae
Thuja occidentalis
60%
American Chestnut
Castanea dentata
60%
Swamp White Oak
Quercus bicolor
60%
Southern Red Oak
Quercus falcata
60%
Chinquapin Oak
Quercus muehlenbergii
60%
Black Oak
Quercus velutina
60%
American Sweet Gum
Liquidambar styraciflua
60%
Shagbark Hickory
Carya ovata
60%
American Yellowwood
Cladrastis kentukea
60%
Common Honeylocust
Gleditsia triacanthos
60%
Black Locust
Robinia pseudoacacia
60%
Black Tupelo
Nyssa sylvatica
60%
Green Ash
Fraxinus pennsylvanica
60%
Balsam Fir
Abies balsamea
60%
Eastern White Pine
Pinus strobus
60%
Canadian Hemlock
Tsuga canadensis
60%
American Planetree
Platanus occidentalis
60%
Common Names
Scientific Names
% Correct
White Willow
Salix alba
60%
Black Willow
Salix nigra
60%
Common Baldcypress
Taxodium distichum
60%
American Linden
Tilia americana
60%
Common Hackberry
Celtis occidentalis
60%
Winged Elm
Ulmus alata
60%
American Elm
Ulmus americana
60%
American Beech
Fagus grandifolia
55%
Shingle Oak
Quercus imbricaria
55%
Willow Oak
Quercus phellos
55%
Post Oak
Quercus stellata
55%
Yellow Buckeye
Aesculus flava
55%
Water Hickory
Carya aquatica
55%
Bitternut Hickory
Carya cordiformis
55%
Kentucky Coffeetree
Gymnocladus dioicus
55%
White Ash
Fraxinus americana
55%
Sugar Hackberry
Celtis laevigata
55%
Siberian Elm
Ulmus pumila
55%
Pignut Hickory
Carya glabra
50%
Cucumber Tree
Magnolia acuminata
50%
Eastern Larch
Larix laricina
50%
White Spruce
Picea glauca
50%
Loblolly Pine
Pinus taeda
50%
Large Toothed Aspen
Populus grandidentata
50%
Gray Birch
Betula populifolia
45%
Chestnut Oak
Quercus montana
45%
Yellow Birch
Betula lutea
40%
Southern Catalpa
Catalpa bignonioides
40%
Swamp Chestnut Oak
Quercus michauxii
40%
Mockernut Hickory
Carya tomentosa
35%
Pond Baldcypress
Taxodium ascendens
35%
Sawtooth Oak
Quercus accutissima
20%
Longleaf Pine
Pinus palustris
20%
Pitch Pine
Pinus rigida
20%
Chinese Elm
Ulmus parvifolia
20%
Beetree Linden
Tilia heterophylla
15%
Atlantic White Cedar
Chamaecyparis thyoides
0%
Pond Pine
Pinus serotina
0%
Quiz Playlist
Details
Report
Send in Message
Add To Playlist
Classic:
Type in answers that appear in a list
Last Updated: Feb 16, 2017
Quiz Scoreboard
CHALLENGE
Sign Up to Join the Scoreboard
Show All
Scores
Hide
Comments
May contain spoilers
Recently Published
NBA Finals Game Top Scorers (2010s)
by flibbidy
Sports
5m
Guess the 'R' Things in 3 Words
by MSUKent
Miscellaneous
3m
Actor to Badly Drawn Movie III
by MoMosMoProblems
Movies
5m
More to Explore
Quiz From the Vault
Featured Blog Post
Where Does Lost Luggage Go?
hide this ad
You Might Also Like...
Tags
Plants Quiz
common
Eastern
indigenous
Woody
Today's Top Quizzes in Science
Browse Science
hide this ad
Today's Top Quizzes in Plants
Browse Plants
Top Contributed Quizzes in Science
1
Trivia Jigsaw: Scientific Foursomes
2
The First 100 Digits of Pi
3
Trivia Jigsaw: Elements
4
Journey Through Space
5
'P' Natural World
6
Dashed Science
7
200 Digits of pi
8
'W' Natural World
9
A Equals A
10
Naming Acids
Explore More
Trending Topics
Harry Potter
Kpop
Crossword
Disney
Marvel
Anime
NBA
Country
Song
Soccer
NFL
Pokémon
The Office
WWE
Puzzle
hide this ad
More By:
herbaria51
Quiz
Plays
Rating
Category
Featured
Created
Indigenous Woody Canopy Plants: Eastern U.S.
20
5.00
Science
Jun 22, 2011
Indigenous Woody Understory Plants of Eastern U.S.
19
4.00
Science
Jun 23, 2011
Coniferous Woody Landscape Plants
14
Science
Jun 23, 2011
Broadleaf Evergreen Woody Landscape Plants
6
Science
Jun 23, 2011
Go to Creator's Profile
Score Distribution
Quiz Creator Spotlight
herbaria51
Follow
Send a Message
Quizzes Created
-
Created Quiz Play Count
-
More By This Creator
Popular Quizzes Today
1
Find the US States - No Outlines Minefield
2
Find the US States
3
The Countries of the World
4
10 Largest US States in Order
5
Find the Countries of Europe - No Outlines Minefield
6
US States
7
Guess the 'R' Things in 3 Words
8
NBA Finals Game Top Scorers (2010s)
More Science Quizzes
Find the Widow Animals
Quiz Lab
Trending Quizzes
First Name TV: Leading Men
First Name TV: Leading Women Drama
Match the Book to the Film II
3-Word Movies in 1 Word II
Match the Book to the Film VI
Recently Updated
Women's Final Four Teams by Year
bhenderson79
Presidents Quartet II
eogle
Anything But Clue(do)
eogle
Anything But Oceanian Capitals
eogle
Anything But 7
eogle
Anything But Thing
eogle
Word Ladder: February 29
pecheneg
Song Title Questions
pecheneg
Women's NCAA Tournament #1 Seeds
pecheneg
Celebrity Mug Shots
pecheneg
Trending Topics
Marvel
Kpop
Disney
Anime
Harry Potter
Crossword
NBA
Country
WWE
Soccer
Song
The Office
Pokémon
NFL
Puzzle
Your Account Isn't Verified!
In order to create a playlist on Sporcle, you need to verify the email address you used during registration. Go to your
Sporcle Settings
to finish the process.
Report this User
Report this user for behavior that violates our
Community Guidelines
.
Details:
Send Report
Go to the Sporcle.com Mobile Site →
Comments